Ennemis des X-Men par image #1 - Statistiques

Statistiques générales
  • Ce quiz a été pris 160 fois
  • Le résultat moyen est 8 sur 16
Statistiques - réponses
Par images Réponse % Correct
Magneto
99%
le Fléau / the Juggernaut
90%
Mystique
90%
Dents-de-Sabre / Sabretooth
72%
Crapaud / Toad
69%
les Sentinelles / the Sentinels
63%
Apocalypse
62%
Emma Frost
57%
Pyro
57%
Colosse / Blob
48%
Mister Sninister
30%
Omega Red
30%
Avalanche
19%
Destinée / Destiny
11%
Moule Initial / Master Mold
10%
Cerveau / Mastermind
5%
Aucun quiz correspondant
Distribution des résultats
% des personnes avec chaque résultat
Percentile par nombre de réponses
Votre historique - résultats
Vous n’avez pas pris ce quiz